000 00473nam a2200205Ia 4500
008 210210b1962 xxu||||| |||| 00| 0 eng d
041 _aeng
082 _a320/568
100 _aSPINKA (M)
245 _aChristian thought from Erasmus to Berdyaev
260 _a
_bNot Mentioned
_c1962
650 _ato
650 _athought
650 _afrom
650 _aErasmus
650 _aChristian
650 _aBerdyaev
690 _aPolitical Science
906 _a003201
999 _c118538
_d118538